Programmations au festival de Woodstock en 1969 - Statistiques

Statistiques générales
  • Ce quiz a été pris 88 fois
  • Le résultat moyen est 6 sur 33
Statistiques - réponses
Jour Artiste % Correct
Jimi Hendrix
100%
Janis Joplin
67%
The Who
58%
Santana
41%
Dimanche 17 août Joe Cocker
39%
Jefferson Airplane
36%
Crosby, Stills, Nash and Young
28%
Joan Baez
28%
Sly and the Family Stone
25%
Creedence Clearwater Revival
23%
Canned Heat
20%
Ten Years After
19%
Grateful Dead
13%
Vendredi 15 août Richie Havens
11%
The Band
11%
The Incredible String Band
11%
Ravi Shankar
9%
Blood, Sweat and Tears
8%
Country Joe McDonald
8%
John Sebastian
8%
Sha Na Na
8%
Arlo Guthrie
6%
Country Joe & The Fish
6%
Johnny Winter
6%
Keef Hartley Band
6%
Melanie
6%
Mountain
5%
Lundi 18 août Paul Butterfield Blues Band
5%
Samedi 16 août Quill
5%
Bert Sommer
3%
Swami Satchidananda
3%
Sweetwater
3%
Tim Hardin
3%
Aucun quiz correspondant
Distribution des résultats
% des personnes avec chaque résultat
Percentile par nombre de réponses
Votre historique - résultats
Vous n’avez pas pris ce quiz